01203 a2200229 4500003000500000005001700005010001600022020003300038040000900071082001200080100002700092245009400119250002200213260003700235300004400272505044300316650001700759700003100776942002100807999001900828952012600847NUST20221031130924.0 a 93004626 a0070096694 (acid-free paper) cNust00a510,CAL1 aCalvert, James910198110aFinite mathematics with computer-supported applications /cJames Calvert, William Voxman. aInternational ed. aNew York :bMcGraw-Hill,cc1994. ax, 442 p. :bill. (some col.) ;c25 cm. aSets and Liner Equations (Page-1), Matrices (Page-12), Systems of Linear Equations (Page-35), Matrix Inverses and LU factors (Page-69), Introductory Linear Programming (Page-96), Intermediate Linear Programming (Page-130), Advanced Linear Programming (Page-171), Counting (Page-211), Probability (Page-236), Statistics (Page 299), Mathematics of Finance (Page-343), Introduction to Logic (Page-371), Appendix Using CALIPSO (Page-390).  0aMathematics.1 aVoxman, William L.9101982 2ddccBKk510,CAL c179758d179758 00102ddc4070aMCSbMCScGENd2016-12-12o510,CALpMCS1890r2016-12-08w2016-12-12yBKB zAlmirah No. A/135, Shelf No.4